Word Ladder: Fortnite Locations Quiz Stats

 Plays Quiz Updated May 26, 2018

Score 0/22 Timer 03:00
13 Plays Today
Hint 4-Letter Word % Correct
• Tomato _____• TOWN •
88.2%
• Moisty _____• MIRE •
86.6%
• Pleasant _____• PARK •
85.4%
• ___ Junction •• JUNK •
75.3%
• [First Rung] _____
OR a medium-sized body of water
• LAKE •
61.7%
• _____ [Last Rung] •
OR the spoils of burglary
• LOOT •
53.2%
Summer monthJUNE
51.6%
Uniform for graduatesGOWN
41%
RippedTORN
40.6%
The moon, in FrenchLUNE
39.4%
Discharge a gunFIRE
39.4%
Hint 4-Letter Word % Correct
Female horseMARE
39.2%
A bird or a crazy personLOON
37.9%
The other white meatPORK
36.9%
A monetary punishment for law-breakingFINE
36.3%
New Testament bookLUKE
35.9%
Bully or thugGOON
35.8%
DawnMORN
34.9%
Robin Williams' TV alienMORK
32.4%
Trim off excessPARE
32.1%
Blues and Soul music styleFUNK
27.7%
SnitchFINK
25.6%

Today's Daily Dose

Word Ladder
Lean on Me

Get the Picture
Superhero by Villain

You're not logged in!

Compare scores with friends on all Sporcle quizzes.
OR
Log In

Sporcle TV

Today on Sporcle TV


Watch our educational content, quiz creation guides, and fun videos on Sporcle TV.

Show Comments

Extras

Top Quizzes Today


Score Distribution

Your Account Isn't Verified!

In order to create a playlist on Sporcle, you need to verify the email address you used during registration. Go to your Sporcle Settings to finish the process.

Report this User

Report this user for behavior that violates our Community Guidelines.

Details: